000 00320nam a2200133Ia 4500
008 100328s9999 xx 000 0 und d
082 _b46702
100 _aनऱ्हे शंकर
245 _aभास
260 _bचंद्रमौळी
630 _aभास
730 _aभास
942 _cBOOK
999 _c534632
_d534629